[Event "Murrhard Wuerttemberg op"]
[Site "Murrhard"]
[Date "2021.08.21"]
[Round "5"]
[White "Schmidt, Markus1111"]
[Black "Bangert, Udo"]
[Result "0-1"]
[WhiteElo "1772"]
[BlackElo "1875"]
[PlyCount "202"]
[EventDate "2021.08.18"]
[EventType "swiss"]
[EventRounds "7"]
[EventCountry "GER"]
[SourceTitle "CBM 204 Extra"]
[Source "ChessBase"]
[SourceDate "2021.11.30"]
[SourceVersion "1"]
[SourceVersionDate "2021.11.30"]
[SourceQuality "1"]

1. e4 c6 2. d4 d5 3. Nc3 dxe4 4. Nxe4 Bf5 5. Ng3 Bg6 6. Nf3 Nd7 7. Bc4 e6 8. Bf4 Ngf6 9. Nh4 Be7 10. Nxg6 hxg6 11. Qd2 Nd5 12. Bxd5 cxd5 13. 0-0-0 Rc8 14. Kb1 Qb6 15. c3 Rc4 16. Nf1 Ra4 17. Qc2 Qb5 18. b3 Nb6 19. Ka1 Ra6 20. Ne3 0-0 21. Ng4 Rc8 22. Rd3 Qa5 23. Ne5 Bf6 24. h4 Bxe5 25. Bxe5 Nd7 26. Bf4 Nf6 27. f3 b5 28. Qb2 b4 29. cxb4 Qxb4 30. Rc1 Rac6 31. Rxc6 Rxc6 32. Bd2 Qb5 33. Re3 Qf1+ 34. Be1 Nh5 35. g4 Nf4 36. Qd2 Ng2 37. Re2 Nxe1 38. Rxe1 Qxf3 39. g5 Qc3+ 40. Qxc3 Rxc3 41. Rg1 Rc2 42. Kb1 Rd2 43. Rg4 Kf8 44. a4 Ke7 45. Kc1 Rh2 46. Kb1 a5 47. Kc1 Re2 48. Rg3 Re4 49. Rd3 Rxh4 50. Kb2 Kd6 51. b4 axb4 52. Kb3 Kc6 53. Kxb4 e5 54. Rc3+ Kb7 55. Rf3 Rxd4+ 56. Kb5 Rf4 57. Ra3 d4 58. Kc4 Rf5 59. Rg3 Ka6 60. Kb4 e4 61. Rg4 Re5 62. Kc4 d3 63. Kd4 d2 64. Rg1 e3 65. Kd3 Rd5+ 66. Ke2 Re5 67. Rf1 Rf5 68. Rd1 Rxg5 69. Kxe3 Rg2 70. Kf3 Rh2 71. Kg3 Re2 72. Kf3 Re5 73. Rxd2 Ka5 74. Rd4 Rf5+ 75. Ke2 g5 76. Ke3 f6 77. Rd7 Kxa4 78. Rxg7 Kb5 79. Rc7 g4 80. Rg7 Rf3+ 81. Ke2 f5 82. Rc7 Kb6 83. Rc8 f4 84. Rg8 Re3+ 85. Kf2 g3+ 86. Kg2 Re2+ 87. Kh3 Rf2 88. Rb8+ Kc5 89. Rb1 Kd4 90. Kg4 Ke3 91. Re1+ Kd2 92. Ra1 Ke2 93. Rb1 Rf1 94. Rb2+ Ke1 95. Ra2 Rf2 96. Ra1+ Ke2 97. Rb1 g2 98. Rb2+ Ke3 99. Rb3+ Ke4 100. Rb4+ Kd3 101. Rxf4 g1Q+ 0-1

[Event "GER-chT Betriebe 18th"]
[Site "Altenberg Zinnwald"]
[Date "2018.11.10"]
[Round "6.2"]
[White "Bangert, Udo"]
[Black "Hartmann, Jens"]
[Result "1/2-1/2"]
[WhiteElo "1893"]
[BlackElo "1839"]
[PlyCount "149"]
[EventDate "2018.11.08"]
[EventType "team-swiss"]
[EventRounds "7"]
[EventCountry "GER"]
[SourceTitle "EXT 2020"]
[Source "ChessBase"]
[SourceDate "2019.10.17"]
[SourceVersion "1"]
[SourceVersionDate "2019.10.17"]
[SourceQuality "1"]
[WhiteTeam "Stuttgart Stern"]
[BlackTeam "Hamburg Baubehoerde II"]
[WhiteTeamCountry "GER"]
[BlackTeamCountry "GER"]

1. d4 g6 2. c4 Bg7 3. Nc3 d6 4. e4 e5 5. d5 Ne7 6. g3 0-0 7. Bg2 Bd7 8. Nge2 a6 9. Be3 b5 10. c5 Qc8 11. h4 b4 12. Na4 Bxa4 13. Qxa4 a5 14. Rc1 Qa6 15. Qc2 a4 16. a3 b3 17. Qd2 Qa5 18. Rc3 Na6 19. c6 Rab8 20. Rc4 Qb5 21. Qc3 f5 22. f3 fxe4 23. fxe4 Nc8 24. g4 Nb6 25. Bxb6 Qxb6 26. Bf3 Rf7 27. Rh3 Nc5 28. g5 Rbf8 29. Rg3 Qa6 30. Kf2 Qa7 31. Kg2 Qa6 32. Rh3 Qc8 33. Rg3 Qd8 34. Qe3 Qe7 35. Rc3 Qd8 36. Rc4 Qa8 37. Nc3 Qa6 38. Qe2 Rf4 39. Rh3 h6 40. Kf2 Qc8 41. Kg2 hxg5 42. hxg5 Qd8 43. Rg3 Kf7 44. Nxa4 Nxa4 45. Rxa4 Rh8 46. Bg4 Rh4 47. Be6+ Ke7 48. Rb4 Qh8 49. Rh3 Rxh3 50. Bxh3 Qh4 51. Rxb3 Qxg5+ 52. Rg3 Qf6 53. b4 Bh6 54. Rg4 Rxg4+ 55. Qxg4 Be3 56. Qe6+ Qxe6 57. dxe6 Bc1 58. a4 Bd2 59. b5 Ba5 60. Kf3 Kf6 61. Bg4 Ke7 62. Ke3 Kf6 63. Kd3 Ke7 64. Kc4 Kf6 65. b6 Bxb6 66. Kb5 Bd4 67. Ka6 Ke7 68. Kb7 Bb6 69. Ka6 Bd4 70. Ka5 Be3 71. Kb5 Bd4 72. a5 Be3 73. a6 Bd4 74. Kc4 Ba7 75. Kd3 1/2-1/2

[Event "Wuerttemberg-ch KT"]
[Site "Stuttgart"]
[Date "2017.09.01"]
[Round "7"]
[White "Doering, Stefan"]
[Black "Bangert, Udo"]
[Result "1-0"]
[WhiteElo "1931"]
[BlackElo "1906"]
[PlyCount "111"]
[EventDate "2017.08.26"]
[EventType "swiss"]
[EventRounds "7"]
[EventCountry "GER"]
[SourceTitle "EXT 2019"]
[Source "ChessBase"]
[SourceDate "2018.10.10"]
[SourceVersion "1"]
[SourceVersionDate "2018.10.10"]
[SourceQuality "1"]

1. e4 c5 2. Nf3 Nc6 3. d4 cxd4 4. Nxd4 e5 5. Nb5 d6 6. N1c3 a6 7. Na3 Be7 8. Nd5 Nf6 9. Be3 Nxd5 10. exd5 Nb8 11. Nc4 Nd7 12. a4 b6 13. Be2 0-0 14. f4 Rb8 15. 0-0 f5 16. Qd2 Qc7 17. Rfd1 e4 18. b4 Bb7 19. Bf1 Rfc8 20. Ra2 Ba8 21. Na3 Bb7 22. c4 Qd8 23. Nc2 Bf6 24. Nd4 Bxd4 25. Qxd4 a5 26. b5 Qe7 27. Bc1 Rc7 28. Ba3 Nc5 29. Bxc5 Rxc5 30. Ra3 Rf8 31. Re1 Qf6 32. Qxf6 Rxf6 33. Kf2 Rc7 34. Rg3 Bc8 35. Ree3 Rcf7 36. Be2 g6 37. h4 Rg7 38. h5 Kf7 39. Rg5 Bd7 40. hxg6+ hxg6 41. Rh3 Kg8 42. Rh6 Bc8 43. Bh5 Kf7 44. Rh8 Bd7 45. Rd8 Ke7 46. Rb8 Kf7 47. Rb7 Kf8 48. Bxg6 Rfxg6 49. Rxg6 Rxg6 50. Rxd7 e3+ 51. Kxe3 Rg3+ 52. Kd4 Ra3 53. Rxd6 Rxa4 54. Rxb6 Ra1 55. Ra6 a4 56. b6 1-0

[Event "Wuerttemberg-ch KT"]
[Site "Stuttgart"]
[Date "2017.08.31"]
[Round "6"]
[White "Bangert, Udo"]
[Black "Schoembs, Oliver"]
[Result "1-0"]
[WhiteElo "1906"]
[BlackElo "1853"]
[PlyCount "97"]
[EventDate "2017.08.26"]
[EventType "swiss"]
[EventRounds "7"]
[EventCountry "GER"]
[SourceTitle "EXT 2019"]
[Source "ChessBase"]
[SourceDate "2018.10.10"]
[SourceVersion "1"]
[SourceVersionDate "2018.10.10"]
[SourceQuality "1"]

1. d4 Nf6 2. c4 g6 3. Nc3 Bg7 4. Nf3 0-0 5. g3 d6 6. Bg2 a6 7. 0-0 Nc6 8. h3 Rb8 9. e4 Bd7 10. Re1 Na5 11. b3 c5 12. Be3 cxd4 13. Nxd4 b5 14. cxb5 axb5 15. Rc1 b4 16. Nd5 e6 17. Nc7 Rb7 18. Qc2 Ne8 19. Nxe8 Rxe8 20. Qd2 Qb8 21. Red1 Rc8 22. Rxc8+ Bxc8 23. Bh6 Bh8 24. Nc2 Nc6 25. Qxd6 Bd7 26. Qxb8+ Nxb8 27. e5 Rb5 28. f4 Bg7 29. Bxg7 Kxg7 30. Rd4 Rc5 31. Nxb4 Nc6 32. Bxc6 Bxc6 33. Nxc6 Rxc6 34. Rd2 h6 35. h4 g5 36. hxg5 hxg5 37. Kg2 Rc3 38. Re2 Kg6 39. Rb2 Kf5 40. fxg5 Kg4 41. Kg1 Rf3 42. b4 Kxg5 43. b5 Rd3 44. b6 Rd8 45. b7 Rb8 46. a4 Kf5 47. a5 Kxe5 48. a6 Rg8 49. b8Q+ 1-0

[Event "GER-chT Betriebe 16th"]
[Site "Dresden"]
[Date "2016.11.05"]
[Round "4.1"]
[White "Decker, Ingo"]
[Black "Bangert, Udo"]
[Result "0-1"]
[WhiteElo "1668"]
[BlackElo "1905"]
[PlyCount "109"]
[EventDate "2016.11.03"]
[EventType "team-swiss"]
[EventRounds "7"]
[EventCountry "GER"]
[SourceTitle "EXT 2020"]
[Source "ChessBase"]
[SourceDate "2019.10.17"]
[SourceVersion "1"]
[SourceVersionDate "2019.10.17"]
[SourceQuality "1"]
[WhiteTeam "Bremen Airbus"]
[BlackTeam "Stuttgart Stern"]
[WhiteTeamCountry "GER"]
[BlackTeamCountry "GER"]

1. e4 e5 2. Nf3 Nf6 3. Nc3 Nc6 4. Bc4 d6 5. d3 h6 6. h3 Be7 7. a3 0-0 8. Be3 Be6 9. Nd5 a6 10. b4 Re8 11. Nxf6+ Bxf6 12. Bxe6 fxe6 13. 0-0 d5 14. Qe2 Qd7 15. Rad1 Rad8 16. Nh2 d4 17. Bc1 Qe7 18. Qg4 g5 19. h4 Kh7 20. hxg5 Bxg5 21. Bxg5 Qxg5 22. Qxg5 hxg5 23. Ng4 Kg6 24. f3 Rh8 25. Kf2 Rh7 26. Rh1 Rdh8 27. Rxh7 Rxh7 28. Rb1 b5 29. Rc1 Rd7 30. Rh1 Rg7 31. Ke2 Rh7 32. Rxh7 Kxh7 33. Nf6+ Kg7 34. Ng4 Kf7 35. Kd2 Ke7 36. c4 Kf7 37. cxb5 axb5 38. Kc2 Ke7 39. Kb3 Kd6 40. g3 Nd8 41. a4 bxa4+ 42. Kxa4 Nf7 43. Kb5 Nd8 44. Nf2 Nb7 45. Nh3 c5 46. Nxg5 cxb4 47. Nf7+ Ke7 48. Nxe5 b3 49. Nc4 Nd6+ 50. Kb4 Nxc4 51. Kxb3 Nd2+ 52. Kb4 Nxf3 53. Kc4 e5 54. Kd5 Kf6 55. Kc5 0-1

[Event "GER-chT Betriebe 16th"]
[Site "Dresden"]
[Date "2016.11.04"]
[Round "3.1"]
[White "Leube, Oliver"]
[Black "Bangert, Udo"]
[Result "0-1"]
[WhiteElo "1928"]
[BlackElo "1905"]
[PlyCount "92"]
[EventDate "2016.11.03"]
[EventType "team-swiss"]
[EventRounds "7"]
[EventCountry "GER"]
[SourceTitle "EXT 2020"]
[Source "ChessBase"]
[SourceDate "2019.10.17"]
[SourceVersion "1"]
[SourceVersionDate "2019.10.17"]
[SourceQuality "1"]
[WhiteTeam "Hamburg Transit II"]
[BlackTeam "Stuttgart Stern"]
[WhiteTeamCountry "GER"]
[BlackTeamCountry "GER"]

1. d4 Nf6 2. c4 e6 3. Nf3 b6 4. Bg5 Bb7 5. e3 Be7 6. Nbd2 Ne4 7. Bxe7 Qxe7 8. Nxe4 Bxe4 9. Bd3 Qb4+ 10. Qd2 Qxd2+ 11. Kxd2 Bxd3 12. Kxd3 d6 13. Rac1 Nd7 14. Rhd1 a5 15. e4 f6 16. e5 0-0 17. exd6 cxd6 18. Nd2 f5 19. f4 Rfe8 20. Nf3 e5 21. fxe5 dxe5 22. dxe5 Nxe5+ 23. Nxe5 Rxe5 24. Re1 Rd8+ 25. Kc3 Rde8 26. Rxe5 Rxe5 27. Rc2 Kf7 28. b3 Ke6 29. Rd2 Re3+ 30. Rd3 Re2 31. Rd2 Re1 32. a3 Ra1 33. Kb2 Re1 34. b4 axb4 35. axb4 g5 36. Kb3 f4 37. c5 bxc5 38. bxc5 Rc1 39. Kb4 g4 40. Kb5 Ke5 41. c6 f3 42. gxf3 gxf3 43. Kb6 Ke4 44. Rd7 f2 45. Re7+ Kd5 46. Rd7+ Ke6 0-1

[Event "GER-chT Betriebe 16th"]
[Site "Dresden"]
[Date "2016.11.03"]
[Round "2.1"]
[White "Bangert, Udo"]
[Black "Mielke, Sven"]
[Result "1-0"]
[WhiteElo "1905"]
[BlackElo "2115"]
[PlyCount "47"]
[EventDate "2016.11.03"]
[EventType "team-swiss"]
[EventRounds "7"]
[EventCountry "GER"]
[SourceTitle "EXT 2020"]
[Source "ChessBase"]
[SourceDate "2019.10.17"]
[SourceVersion "1"]
[SourceVersionDate "2019.10.17"]
[SourceQuality "1"]
[WhiteTeam "Stuttgart Stern"]
[BlackTeam "Berlin Osram II"]
[WhiteTeamCountry "GER"]
[BlackTeamCountry "GER"]

1. e4 c5 2. Nf3 Nc6 3. d4 cxd4 4. Nxd4 d6 5. Nc3 Nf6 6. Be2 e6 7. g4 a6 8. g5 Nd7 9. f4 Nxd4 10. Qxd4 Qb6 11. Qxb6 Nxb6 12. Be3 Nd7 13. 0-0-0 b5 14. a3 Bb7 15. Rhe1 Rc8 16. f5 Rxc3 17. bxc3 Bxe4 18. fxe6 fxe6 19. Bd3 Bxd3 20. cxd3 g6 21. Bf4 e5 22. d4 Bg7 23. dxe5 Bxe5 24. Rxd6 1-0

[Event "Wuerttemberg-ch KT"]
[Site "Stuttgart"]
[Date "2015.09.01"]
[Round "4"]
[White "Mierzwa, Robert"]
[Black "Bangert, Udo"]
[Result "0-1"]
[WhiteElo "1900"]
[BlackElo "1917"]
[PlyCount "97"]
[EventDate "2015.08.29"]
[EventType "swiss"]
[EventRounds "9"]
[EventCountry "GER"]
[SourceTitle "EXT 2017"]
[Source "ChessBase"]
[SourceDate "2016.10.25"]
[SourceVersion "1"]
[SourceVersionDate "2016.10.25"]
[SourceQuality "1"]

1. d4 Nf6 2. c4 c5 3. d5 b5 4. cxb5 a6 5. bxa6 Bxa6 6. Nc3 g6 7. e4 d6 8. Bxa6 Nxa6 9. Nf3 Bg7 10. 0-0 0-0 11. Qe2 Nd7 12. Nd2 Qa5 13. Nc4 Qb4 14. a3 Qb8 15. Bd2 Ne5 16. Ne3 Qb3 17. f4 Nd7 18. Nc4 Bd4+ 19. Kh1 Nc7 20. Rf3 Rfb8 21. Nd1 Qb5 22. Rc1 Nb6 23. b4 Ra4 24. Nc3 Qxc4 25. Qxc4 Nxc4 26. Nxa4 Nxd2 27. Rd3 Nxe4 28. Rxd4 cxd4 29. Rxc7 d3 30. Nb2 d2 31. Kg1 Kf8 32. Rc4 f5 33. a4 Ke8 34. Nd1 Kd7 35. Kf1 e6 36. dxe6+ Kxe6 37. Ke2 d5 38. Rd4 Rc8 39. Rd3 Rc4 40. Rb3 d4 41. a5 Rc1 42. Rd3 Nc3+ 43. Kxd2 Rxd1+ 44. Kc2 Rxd3 45. Kxd3 Kd5 46. h3 h5 47. h4 Nb5 48. a6 Na7 49. g3 0-1

[Event "GER-chT Betriebe 14th"]
[Site "Dresden"]
[Date "2014.11.22"]
[Round "6.4"]
[White "Bangert, Udo"]
[Black "Buescher, Henrik"]
[Result "0-1"]
[WhiteElo "1905"]
[BlackElo "2112"]
[PlyCount "80"]
[EventDate "2014.11.20"]
[EventType "team-swiss"]
[EventRounds "7"]
[EventCountry "GER"]
[SourceTitle "EXT 2020"]
[Source "ChessBase"]
[SourceDate "2019.10.17"]
[SourceVersion "1"]
[SourceVersionDate "2019.10.17"]
[SourceQuality "1"]
[WhiteTeam "Stuttgart Stern"]
[BlackTeam "Frankfurt AGI"]
[WhiteTeamCountry "GER"]
[BlackTeamCountry "GER"]

1. Nf3 d5 2. c4 e6 3. d4 f5 4. a3 c6 5. Nbd2 Nf6 6. Ne5 Bd6 7. Ndf3 0-0 8. Bf4 Ne4 9. Qc1 Be7 10. h4 Nd7 11. h5 Nxe5 12. Nxe5 Bf6 13. e3 Nd6 14. Bd3 Nf7 15. Nxf7 Rxf7 16. Qc2 Re7 17. 0-0-0 dxc4 18. Bxc4 b5 19. Bb3 Kh8 20. Qc5 Bd7 21. Bd6 Re8 22. f4 a5 23. Kc2 Qc8 24. Rdg1 Qa6 25. g4 fxg4 26. Be5 Be7 27. Bxg7+ Kxg7 28. Qe5+ Bf6 29. Rxg4+ Kf7 30. Qf5 Rh8 31. h6 Ke7 32. Qc5+ Kd8 33. Rhg1 Re8 34. Rg7 Qa7 35. Qxa7 Rxa7 36. Rxh7 e5 37. Kc1 exd4 38. Rf7 Bh8 39. h7 dxe3 40. Rg8 e2 0-1

[Event "Wuerttemberg-ch KT"]
[Site "Gruenbach"]
[Date "2014.09.06"]
[Round "8"]
[White "Geshnizjani, Ramin Tobias"]
[Black "Bangert, Udo"]
[Result "1-0"]
[WhiteElo "2078"]
[BlackElo "1831"]
[PlyCount "59"]
[EventDate "2014.08.30"]
[EventType "swiss"]
[EventRounds "9"]
[EventCountry "GER"]
[SourceTitle "EXT 2017"]
[Source "ChessBase"]
[SourceDate "2016.10.25"]
[SourceVersion "1"]
[SourceVersionDate "2016.10.25"]
[SourceQuality "1"]

1. e4 e5 2. Nf3 Nc6 3. d4 exd4 4. Nxd4 Bc5 5. Nxc6 bxc6 6. Bc4 d6 7. 0-0 Be6 8. Bxe6 fxe6 9. Qh5+ g6 10. Qg4 Kd7 11. e5 Qf8 12. b4 Bb6 13. Bb2 d5 14. Nd2 Nh6 15. Qh4 Nf5 16. Qf4 Qh6 17. Qxh6 Nxh6 18. c4 dxc4 19. Ne4 Ke7 20. Rac1 a5 21. Ba3 axb4 22. Bxb4+ c5 23. Nxc5 Rxa2 24. Rxc4 Rc8 25. Na4+ Kd8 26. Nxb6 Rb8 27. Rd1+ Ke8 28. Rxc7 Nf5 29. Rc8+ Rxc8 30. Nxc8 1-0

[Event "Wuerttemberg-ch KT"]
[Site "Gruenbach"]
[Date "2014.09.04"]
[Round "6"]
[White "Maj, Kornel"]
[Black "Bangert, Udo"]
[Result "0-1"]
[WhiteElo "1907"]
[BlackElo "1831"]
[PlyCount "92"]
[EventDate "2014.08.30"]
[EventType "swiss"]
[EventRounds "9"]
[EventCountry "GER"]
[SourceTitle "EXT 2017"]
[Source "ChessBase"]
[SourceDate "2016.10.25"]
[SourceVersion "1"]
[SourceVersionDate "2016.10.25"]
[SourceQuality "1"]

1. e4 e5 2. Nf3 Nc6 3. Bc4 Nf6 4. d3 Bc5 5. Nc3 h6 6. Be3 Bb6 7. Nd5 d6 8. Nxb6 axb6 9. c3 0-0 10. Bb3 Be6 11. Bxe6 fxe6 12. Qb3 d5 13. 0-0-0 Qe7 14. exd5 exd5 15. Rhe1 Qd6 16. Kb1 Kh8 17. h3 Ra6 18. Nh4 Nd7 19. g4 Nc5 20. Bxc5 bxc5 21. Nf5 Qd7 22. d4 c4 23. Qc2 e4 24. f3 exf3 25. Nh4 Ne7 26. Rf1 Raf6 27. Rde1 g5 28. Nf5 Nxf5 29. gxf5 Qxf5 30. Re7 Qxc2+ 31. Kxc2 R8f7 32. Re5 c6 33. b3 cxb3+ 34. axb3 Rf4 35. Re3 Kg7 36. Kd3 h5 37. Re5 Kg6 38. Re6+ R4f6 39. Re8 Rg7 40. Ke3 g4 41. Kf2 Kg5 42. Re5+ Rf5 43. h4+ Kf4 44. Rxf5+ Kxf5 45. Kg3 Re7 46. c4 Re2 0-1